000 01154cam a2200301 i 4500
001 4123558
003 NUST-PNEC
005 20170116180716.0
008 760113s1976 nyua d 000 0 eng
010 _a 76000233
020 _a0442240910
040 _aD
_cPNEC
041 1 _aengmul
050 0 0 _aQA5
_b.J32 1976
082 0 0 _a510.3 JAM
100 1 _aJames, Glenn,
_d1882-
_eed.
245 1 0 _aMathematics dictionary /
_cJames [and] James ; contributors, Armen A. Alchian ... [et al.] ; translators, J. George Adashko ... [et al.].
250 _a4th ed.
260 _aNew York :
_bVan Nostrand Reinhold Co.,
_cc1976.
300 _avii, 509 p. :
_bill. ;
_c24 cm.
500 _aIndex in French, German, Russian, and Spanish. http://www.amazon.com/Mathematics-dictionary-Glenn-James/dp/0442240910/ref=sr_1_1?ie=UTF8&qid=1413790734&sr=8-1&keywords=0442240910
650 0 _aMathematics
_xDictionaries
_xPolyglot.
650 0 _aDictionaries, Polyglot.
_xEE, EL
700 1 _aJames, Robert C.
_q(Robert Clarke),
_ejoint author.
700 1 _aAlchian, Armen Albert,
_d1914-
906 _a7
_bcbc
_corignew
_d1
_eocip
_f19
_gy-gencatlg
942 _2ddc
_cBK
999 _c61165
_d61165